| 000 | 00413nam a22001577a 4500 | ||
|---|---|---|---|
| 005 | 20251108175534.0 | ||
| 008 | 250721s2017 xx 000 0 eng d | ||
| 082 | 1 | 4 | _aF/BLO |
| 100 | 1 | _aAL- KHAWAJAH, SA'EED S. | |
| 245 | 1 | 0 | _aBLOSSOMING FLOWERS / |
| 264 | 1 |
_aعمان : _bالبيروني ناشرون وموزعون, _c2017. |
|
| 300 | _a199p. | ||
| 650 | 1 | 7 | _afiction |
| 942 |
_2ddc _cBK |
||
| 999 |
_c136475 _d136475 |
||